Kant y el problema de la metafísica
Interpretación heideggeriana de la filosofía kantiana, texto central en el debate con Cassirer, así como el continuo tratamiento de Ser y Tiempo, su obra maestra. El tema en que focaliza Heidegger es la filosofía trascendental imperante en la Crítica de la razón pura, desde donde plantea la idea de...
保存先:
| 第一著者: | |
|---|---|
| フォーマット: | 図書 |
| 言語: | Spanish |
| 出版事項: |
México, D.F.
Fondo de Cultura Económica
1954
|
| 主題: | |
| タグ: |
タグ追加
タグなし, このレコードへの初めてのタグを付けませんか!
|
MARC
| LEADER | 00000nam a22000007a 4500 | ||
|---|---|---|---|
| 008 | 180821b xxu||||| |||| 00| 0 spa d | ||
| 040 | |a cru BVZT | ||
| 090 | |a 100 H-13ka | ||
| 100 | |a Heidegger, Martin | ||
| 245 | |a Kant y el problema de la metafísica |c Martin Heidegger; Gred Ibscher Roth, traductor | ||
| 260 | |a México, D.F. |b Fondo de Cultura Económica |c 1954 | ||
| 300 | |a 211 páginas | ||
| 520 | |a Interpretación heideggeriana de la filosofía kantiana, texto central en el debate con Cassirer, así como el continuo tratamiento de Ser y Tiempo, su obra maestra. El tema en que focaliza Heidegger es la filosofía trascendental imperante en la Crítica de la razón pura, desde donde plantea la idea de una “ontología fundamental” como fundamentación de la metafísica. El texto se divide en cuatro partes con numerosos apartados, entre los que se trabaja el concepto de “metafísica” en la tradición filosófica, la cuestión del origen del “conocimiento puro”, la imaginación trascendental como origen de los dos tipos de conocimiento: sensibilidad y entendimiento; entre otros. | ||
| 650 | |a FILOSOFÍA |9 5 | ||
| 650 | |a EN IDIOMA ESPAÑOL | ||
| 650 | |a KANT | ||
| 650 | |a LA METAFÍSICA | ||
| 650 | |a LA ONTOLOGÍA | ||
| 999 | |c 30557 |d 30557 | ||
| 942 | |c LIB |h 100 H-13ka |2 z | ||
